000 00884cab a22001935a 4500
001 L153432
008 110726s2011 xxka f 000 0 eng d
035 _a(Sirsi) u153432
041 0 _aeng
100 1 _aGould, Nicholas
245 0 0 _aDispute boards
260 _c2011
490 _aCivil Engineering Surveyor
_vJuly 2011, 32-36(5)
520 _aExplains the development and use of dispute boards; DRB or dispute recommendation boards which originate in the USA; DAB or dispute adjudication boards which are being used increasingly with the globalisation of adjudication during projects; the FIDIC DAB; benefits of a dispute board; cost; recommended elements for a successful dispute board; dispute avoidance.
590 _aKA
651 4 _aUnited Kingdom
_y
690 _aMANAGEMENT-DISPUTE AVOIDANCE, MANAGEMENT AND RESOLUTION-DISPUTE MANAGEMENT AND RESOLUTION
942 _n0
999 _c83287
_d83287